80s Songs - Sudden Death - Statistics

General Stats
  • This quiz has been taken 3,259 times
  • The average score is 4 of 15
Answers on the Grid
Answers color-coded by a green-red scale on the quiz's grid according to % correct below.
American Pie - Don McLean
Black or White - Michael Jackson
Candle in the Wind - Elton John
Danger Zone - Kenny Loggins
Down Under - Men at Work
Dreams - Fleetwood Mac
Eye of the Tiger - Survivor
Heart of Glass - Blondie
Hungry Like the Wolf - Duran Duran
I’m So Excited - The Pointer Sisters
I Will Always Love You - Whitney Houston
I Will Survive - Gloria Gaynor
It Must Have Been Love - Roxette
Kiss From a Rose - Seal
Love Shack - The B-52’s
Physical - Olivia Newton-John
Purple Rain - Prince
Push It - Salt-n-Pepa
Running Up That Hill - Kate Bush
Sexual Healing - Marvin Gaye
Smooth Operator - Sade
Stayin’ Alive - Bee Gees
Summer of ‘69 - Bryan Adams
Take On Me - A-ha
Thunderstruck - AC/DC
Time After Time - Cyndi Lauper
Torn - Natalie Imbruglia
U Can’t Touch This - MC Hammer
Vogue - Madonna
Wannabe - Spice Girls
 
Answer Stats
Answer % Correct
Eye of the Tiger - Survivor
63%
Danger Zone - Kenny Loggins
52%
Down Under - Men at Work
51%
Hungry Like the Wolf - Duran Duran
36%
Take On Me - A-ha
27%
I’m So Excited - The Pointer Sisters
24%
Purple Rain - Prince
23%
Running Up That Hill - Kate Bush
23%
Physical - Olivia Newton-John
21%
Time After Time - Cyndi Lauper
19%
Love Shack - The B-52’s
17%
Summer of ‘69 - Bryan Adams
17%
Smooth Operator - Sade
12%
Push It - Salt-n-Pepa
11%
Sexual Healing - Marvin Gaye
7%
No matching quizzes found
Score Distribution
Percent of People with Each Score
Percentile by Number Answered
Your Score History
You have not taken this quiz